| 000 | 01135nam a2200289 i 4500 | ||
|---|---|---|---|
| 001 | 66797 | ||
| 003 | ES-MaACL | ||
| 005 | 20250821111958.0 | ||
| 007 | t| | ||
| 008 | 030605s2002 sp ad |||| | spa d | ||
| 020 | _a84-95394-38-3 | ||
| 080 | _a595.75/.76(460.288) | ||
| 100 | 1 |
_aMillán, Andrés. _981125 |
|
| 245 | 1 | 4 |
_aLos coleópteros y heterópteros acuáticos y semiacuáticos de la provincia de Albacete _b: catálogo faunístico y estudio ecológico / _cAndrés Millán, José Luis Moreno y Josefa Velasco. |
| 260 |
_aAlbacete : _bInstituto de Estudios Albacetenses "Don Juan Manuel", _c2002. |
||
| 300 |
_a180 p. : _bil. col. y n., gráf. ; _c24 cm. |
||
| 490 | 1 |
_aSerie I--Estudios ; _v140 |
|
| 504 | _aBibliografía: p. [127]-138. | ||
| 650 | 1 | 4 |
_aColeópteros- _zAlbacete (Provincia) _911142 |
| 650 | 1 | 4 |
_aHemípteros- _zAlbacete (Provincia) _913304 |
| 700 | 0 |
_aMoreno, José Luis, _qMoreno Alcazar _983292 |
|
| 700 | 1 |
_aVelasco, Josefa. _9113730 |
|
| 710 | 2 |
_aInstituto de Estudios Albacetenses. _94884 |
|
| 830 | 0 |
_aSerie I--Estudios ; _v140 _9179228 |
|
| 852 |
_aES-MaACL _jL-27286 |
||
| 999 |
_c66797 _d66797 |
||